Statistiques concernant Groupe de kpop traduit en français

Cliquez ici pour prendre le quiz!

Statistiques générales

  • Ce quiz a été pris 454 fois
  • Le résultat moyen est 10 sur 15

Statistiques - réponses

HintRéponse% Correct
Oh ma filleOh my girl
95%
Noire roseBlack pink
94%
Velours rougeRed velvet
94%
Cinquante cinquanteFifty fifty
92%
Deux foisTwice
91%
Attrape reveDreamcatcher
85%
Très trèsVery very
80%
J’aiIve
76%
Enfant doréGolden child
74%
Avoir septGot 7
62%
Un roseApink
43%
Fille merveilleuseWonder girls
39%
Baie bienBerry good
38%
Extra jeuneSuper junior
28%
ÉternitéInfinite
22%

Distribution des résultats

Percentile par nombre de réponses

% des personnes avec chaque résultat

Votre développement - résultats

Vous n’avez pas pris ce quiz